[Event "Stay Safe Play From Home 177"]
[Site "T#646359Emanuel Laske"]
[Date "2020.05.26"]
[Round "1"]
[White "don59as"]
[Black "Feldmaus"]
[Result "0-1"]
[WhiteElo "2100"]
[BlackElo "1824"]
[Annotator "NA"]
[PlyCount "146"]
[EventDate "2020.05.26"]
[EventType "swiss (blitz)"]

1. c4 {[%emt 0:00:56]} e6 {[%emt 0:00:03]} 2. Nc3 {[%emt 0:00:03]} d5 {[%emt 0:00:01]} 3. e3 {[%emt 0:00:04]} c6 {[%emt 0:00:02]} 4. b3 {[%emt 0:00:03]} f5 {[%emt 0:00:02]} 5. Nf3 {[%emt 0:00:01]} Nf6 {[%emt 0:00:01]} 6. Bb2 {[%emt 0:00:01]} Bd6 {[%emt 0:00:01]} 7. Be2 {[%emt 0:00:01]} O-O {[%emt 0:00:02]} 8. d4 {[%emt 0:00:01]} Nbd7 {[%emt 0:00:02]} 9. O-O {[%emt 0:00:02]} Qe8 {[%emt 0:00:02] don59as reconnected. don59as reconnected.} 10. c5 {[%emt 0:00:06]} Bc7 {[%emt 0:00:02]} 11. b4 {[%emt 0:00:02]} a6 {[%emt 0:00:07]} 12. a4 {[%emt 0:00:02]} e5 {[%emt 0:00:02]} 13. dxe5 {[%emt 0:00:02]} Nxe5 {[%emt 0:00:02]} 14. b5 {[%emt 0:00:02] don59as reconnected.} Nxf3+ {[%emt 0:00:08]} 15. Bxf3 {[%emt 0:00:07]} axb5 {[%emt 0:00:02]} 16. axb5 {[%emt 0:00:02]} Rxa1 {[%emt 0:00:01]} 17. Bxa1 {[%emt 0:00:07]} Ne4 {[%emt 0:00:01]} 18. bxc6 {[%emt 0:00:05] don59as reconnected.} bxc6 {[%emt 0:00:05]} 19. Bxe4 {[%emt 0:00:13]} fxe4 {[%emt 0:00:02]} 20. Ne2 {[%emt 0:00:02]} Qh5 {[%emt 0:00:06]} 21. Ng3 {[%emt 0:00:05]} Qxd1 {[%emt 0:00:03] don59as reconnected.} 22. Rxd1 {[%emt 0:00:25]} Be6 {[%emt 0:00:01] don59as reconnected.} 23. Bd4 {[%emt 0:00:24] don59as reconnected.} Ra8 {[%emt 0:00:07]} 24. Rb1 {[%emt 0:00:08]} g6 {[%emt 0:00:04]} 25. h3 {[%emt 0:00:02]} Kf8 {[%emt 0:00:01]} 26. Rb7 {[%emt 0:00:01]} Rc8 {[%emt 0:00:03]} 27. Ne2 {[%emt 0:00:03] don59as reconnected.} Ke8 {[%emt 0:00:05]} 28. Nf4 {[%emt 0:00:07]} Bd7 {[%emt 0:00:02]} 29. g3 {[%emt 0:00:05]} Bxf4 {[%emt 0:00:11]} 30. gxf4 {[%emt 0:00:04]} h5 {[%emt 0:00:01] don59as reconnected. don59as reconnected. .} 31. Kg2 {[%emt 0:00:16]} Ra8 {[%emt 0:00:02] don59as reconnected.} 32. Kg3 {[%emt 0:00:03]} Ra2 {[%emt 0:00:08]} 33. f5 {[%emt 0:00:02]} Bxf5 {[%emt 0:00:04]} 34. h4 {[%emt 0:00:01]} Rc2 {[%emt 0:00:05]} 35. f3 {[%emt 0:00:01]} exf3 {[%emt 0:00:03]} 36. Kxf3 {[%emt 0:00:00]} Be4+ {[%emt 0:00:01]} 37. Kf4 {[%emt 0:00:01]} Rf2+ {[%emt 0:00:02] don59as reconnected.} 38. Ke5 {[%emt 0:00:00]} Rh2 {[%emt 0:00:12]} 39. Kd6 {[%emt 0:00:02]} Rxh4 {[%emt 0:00:02]} 40. Kxc6 {[%emt 0:00:02]} Rh1 {[%emt 0:00:04]} 41. Kd6 {[%emt 0:00:00]} Rb1 {[%emt 0:00:07]} 42. c6 {[%emt 0:00:00]} h4 {[%emt 0:00:07] don59as reconnected.} 43. Rh7 {[%emt 0:00:07]} Rc1 {[%emt 0:00:07]} 44. c7 {[%emt 0:00:01]} g5 {[%emt 0:00:02]} 45. Rh8+ {[%emt 0:00:02]} Kf7 {[%emt 0:00:02]} 46. c8=Q {[%emt 0:00:02]} Rxc8 {[%emt 0:00:01]} 47. Rxc8 {[%emt 0:00:01]} g4 {[%emt 0:00:02]} 48. Be5 {[%emt 0:00:00]} Kg6 {[%emt 0:00:03] don59as reconnected.} 49. Rg8+ {[%emt 0:00:02]} Kf5 {[%emt 0:00:03]} 50. Bf4 {[%emt 0:00:02]} Bf3 {[%emt 0:00:03]} 51. Ke7 {[%emt 0:00:01]} Ke4 {[%emt 0:00:02]} 52. Rh8 {[%emt 0:00:01]} h3 {[%emt 0:00:01]} 53. Kf6 {[%emt 0:00:01]} Be2 {[%emt 0:00:02]} 54. Kg5 {[%emt 0:00:01]} Bf3 {[%emt 0:00:01]} 55. Kh4 {[%emt 0:00:01]} d4 {[%emt 0:00:05]} 56. Kg3 {[%emt 0:00:02]} dxe3 {[%emt 0:00:01]} 57. Re8+ {[%emt 0:00:00]} Kd4 {[%emt 0:00:01]} 58. Rxe3 {[%emt 0:00:00]} Kd5 {[%emt 0:00:02] Feldmaus bietet Remis don59as reconnected.} 59. Kf2 {[%emt 0:00:00]} Kd4 {[%emt 0:00:01]} 60. Be5+ {[%emt 0:00:08]} Kd5 {[%emt 0:00:02]} 61. Bh2 {[%emt 0:00:02]} Kd4 {[%emt 0:00:02]} 62. Ra3 {[%emt 0:00:00]} Kd5 {[%emt 0:00:04]} 63. Ke3 {[%emt 0:00:01]} Kc4 {[%emt 0:00:03]} 64. Ra7 {[%emt 0:00:03]} Kd5 {[%emt 0:00:01]} 65. Rc7 {[%emt 0:00:01]} Ke6 {[%emt 0:00:05]} 66. Rc3 {[%emt 0:00:00]} Kd5 {[%emt 0:00:02]} 67. Rd3+ {[%emt 0:00:02]} Kc4 {[%emt 0:00:01]} 68. Rd4+ {[%emt 0:00:00]} Kc3 {[%emt 0:00:02]} 69. Rd8 {[%emt 0:00:01]} Kc4 {[%emt 0:00:01]} 70. Rc8+ {[%emt 0:00:02]} Kd5 {[%emt 0:00:01]} 71. Kd3 {[%emt 0:00:00]} Be4+ {[%emt 0:00:04]} 72. Ke3 {[%emt 0:00:00]} Bf3 {[%emt 0:00:00]} 73. Rh8 {[%emt 0:00:00]} Kc4 {[%emt 0:00:03] don59as reconnected. don59as reconnected. don59as reconnected. don59as resigns} 0-1

[Event "Stay Safe Play From Home 177"]
[Site "T#646359Emanuel Laske"]
[Date "2020.05.26"]
[Round "1"]
[White "Haris kollari 13"]
[Black "Opalus"]
[Result "0-1"]
[WhiteElo "1840"]
[BlackElo "1695"]
[Annotator "NA"]
[PlyCount "40"]
[EventDate "2020.05.26"]
[EventType "swiss (blitz)"]

1. e4 {[%emt 0:00:01]} e6 {[%emt 0:00:01]} 2. d4 {[%emt 0:00:02]} d5 {[%emt 0:00:01]} 3. e5 {[%emt 0:00:01]} c5 {[%emt 0:00:03]} 4. c3 {[%emt 0:00:01]} Bd7 {[%emt 0:00:05]} 5. f4 {[%emt 0:00:01]} Nc6 {[%emt 0:00:03]} 6. Nf3 {[%emt 0:00:01]} Qb6 {[%emt 0:00:05]} 7. Be2 {[%emt 0:00:04]} cxd4 {[%emt 0:00:03]} 8. cxd4 {[%emt 0:00:01]} Nh6 {[%emt 0:00:04]} 9. b3 {[%emt 0:00:08]} Rc8 {[%emt 0:00:06]} 10. Bb2 {[%emt 0:00:01]} Bb4+ {[%emt 0:00:04]} 11. Kf2 {[%emt 0:00:04]} O-O {[%emt 0:00:02]} 12. h3 {[%emt 0:00:01]} f6 {[%emt 0:00:03]} 13. Rf1 {[%emt 0:00:03]} fxe5 {[%emt 0:00:03]} 14. fxe5 {[%emt 0:00:10]} Rxf3+ {[%emt 0:00:05]} 15. Bxf3 {[%emt 0:00:07]} Nf5 {[%emt 0:00:03]} 16. a3 {[%emt 0:00:21]} Ncxd4 {[%emt 0:00:09]} 17. axb4 {[%emt 0:00:09]} Nxf3+ {[%emt 0:00:03]} 18. Kxf3 {[%emt 0:00:02]} Qe3+ {[%emt 0:00:03]} 19. Kg4 {[%emt 0:00:08]} Qg3+ {[%emt 0:00:01]} 20. Kh5 {[%emt 0:00:04]} g6# {[%emt 0:00:01] (Lag: Av=0.51s, max=0.7s)} 0-1

[Event "Stay Safe Play From Home 177"]
[Site "T#646359Emanuel Laske"]
[Date "2020.05.26"]
[Round "1"]
[White "Greblah"]
[Black "Mest"]
[Result "0-1"]
[WhiteElo "1832"]
[BlackElo "1617"]
[Annotator "NA RC"]
[PlyCount "42"]
[EventDate "2020.05.26"]
[EventType "swiss (blitz)"]

1. e4 {[%emt 0:00:05]} d5 {[%emt 0:00:02]} 2. Nc3 {[%emt 0:00:03]} dxe4 {[%emt 0:00:03]} 3. Nxe4 {[%emt 0:00:02]} e5 {[%emt 0:00:01]} 4. Bc4 {[%emt 0:00:10]} Nf6 {[%emt 0:00:04]} 5. Ng5 {[%emt 0:00:27]} Be6 {[%emt 0:01:07]} 6. Bxe6 {[%emt 0:00:08]} fxe6 {[%emt 0:00:02]} 7. Nxe6 {[%emt 0:00:01]} Qd7 {[%emt 0:00:08]} 8. Nxf8 {[%emt 0:00:01]} Rxf8 {[%emt 0:00:04]} 9. d3 {[%emt 0:00:18]} Nc6 {[%emt 0:00:03]} 10. Nf3 {[%emt 0:00:02]} O-O-O {[%emt 0:00:03]} 11. Bg5 {[%emt 0:00:04]} Qg4 {[%emt 0:00:06]} 12. Rg1 {[%emt 0:00:19]} Qb4+ {[%emt 0:00:04]} 13. Bd2 {[%emt 0:00:27]} Qxb2 {[%emt 0:00:05]} 14. Qb1 {[%emt 0:00:01]} Qa3 {[%emt 0:00:07]} 15. Qb3 {[%emt 0:00:08]} Qa6 {[%emt 0:00:11]} 16. Rb1 {[%emt 0:00:06]} Rfe8 {[%emt 0:00:08]} 17. Qb5 {[%emt 0:00:10]} Qxb5 {[%emt 0:00:02]} 18. Rxb5 {[%emt 0:00:01]} e4 {[%emt 0:00:01]} 19. dxe4 {[%emt 0:00:05]} Nxe4 {[%emt 0:00:04]} 20. Be3 {[%emt 0:00:02]} Nc3 {[%emt 0:00:05]} 21. Nd4 {[%emt 0:00:41]} Rxd4 {[%emt 0:00:11] Greblah gibt auf (Lag: Av=0.49s, max=0.8s)} 0-1

[Event "Stay Safe Play From Home 177"]
[Site "T#646359Emanuel Laske"]
[Date "2020.05.26"]
[Round "1"]
[White "Tvtower68"]
[Black "Lazieri3"]
[Result "0-1"]
[WhiteElo "1792"]
[BlackElo "2001"]
[Annotator "NA"]
[PlyCount "98"]
[EventDate "2020.05.26"]
[EventType "swiss (blitz)"]

1. e4 {[%emt 0:00:01]} c6 {[%emt 0:00:05]} 2. Nf3 {[%emt 0:00:01]} d5 {[%emt 0:00:00]} 3. e5 {[%emt 0:00:01]} Bf5 {[%emt 0:00:01]} 4. a3 {[%emt 0:00:01]} e6 {[%emt 0:00:01]} 5. b4 {[%emt 0:00:01]} a5 {[%emt 0:00:02]} 6. Bb2 {[%emt 0:00:01]} axb4 {[%emt 0:00:01]} 7. axb4 {[%emt 0:00:01]} Rxa1 {[%emt 0:00:01]} 8. Bxa1 {[%emt 0:00:01]} Bxb4 {[%emt 0:00:01]} 9. c3 {[%emt 0:00:04]} Ba5 {[%emt 0:00:05]} 10. Nd4 {[%emt 0:00:04]} Bg6 {[%emt 0:00:02]} 11. h4 {[%emt 0:00:01]} h6 {[%emt 0:00:01]} 12. h5 {[%emt 0:00:01]} Bh7 {[%emt 0:00:03]} 13. Qg4 {[%emt 0:00:01]} Kf8 {[%emt 0:00:02]} 14. Bb2 {[%emt 0:00:02]} Bxb1 {[%emt 0:00:01]} 15. Ba3+ {[%emt 0:00:01]} Ne7 {[%emt 0:00:05]} 16. Qf3 {[%emt 0:00:03]} Be4 {[%emt 0:00:04]} 17. Nxe6+ {[%emt 0:00:03]} Ke8 {[%emt 0:00:02]} 18. Nxg7+ {[%emt 0:00:03]} Kd7 {[%emt 0:00:06]} 19. Qh3+ {[%emt 0:00:02]} Kc7 {[%emt 0:00:01]} 20. Bxe7 {[%emt 0:00:11]} Qxe7 {[%emt 0:00:04]} 21. Nf5 {[%emt 0:00:01]} Bxf5 {[%emt 0:00:01]} 22. Qxf5 {[%emt 0:00:01]} Re8 {[%emt 0:00:01]} 23. f4 {[%emt 0:00:03]} Qe6 {[%emt 0:00:03]} 24. Bd3 {[%emt 0:00:02]} Nd7 {[%emt 0:00:02]} 25. O-O {[%emt 0:00:01]} Qxf5 {[%emt 0:00:02]} 26. Bxf5 {[%emt 0:00:02]} Rg8 {[%emt 0:00:01]} 27. Kf2 {[%emt 0:00:02]} Bb6+ {[%emt 0:00:02]} 28. Kf3 {[%emt 0:00:01]} Nc5 {[%emt 0:00:04]} 29. d4 {[%emt 0:00:01]} Na4 {[%emt 0:00:02]} 30. Rc1 {[%emt 0:00:02]} Ba5 {[%emt 0:00:01]} 31. c4 {[%emt 0:00:01]} dxc4 {[%emt 0:00:01]} 32. Rxc4 {[%emt 0:00:02]} b5 {[%emt 0:00:01]} 33. Rc1 {[%emt 0:00:04]} Kb6 {[%emt 0:00:03]} 34. Be4 {[%emt 0:00:05]} Rc8 {[%emt 0:00:03]} 35. f5 {[%emt 0:00:05]} b4 {[%emt 0:00:01]} 36. e6 {[%emt 0:00:01]} fxe6 {[%emt 0:00:01]} 37. fxe6 {[%emt 0:00:01]} b3 {[%emt 0:00:03]} 38. Bg6 {[%emt 0:00:05]} b2 {[%emt 0:00:03]} 39. Rb1 {[%emt 0:00:05]} Bb4 {[%emt 0:00:04]} 40. Bc2 {[%emt 0:00:04]} Rf8+ {[%emt 0:00:12]} 41. Ke4 {[%emt 0:00:04]} Nc3+ {[%emt 0:00:01]} 42. Ke5 {[%emt 0:00:03]} Nxb1 {[%emt 0:00:03]} 43. Bxb1 {[%emt 0:00:01]} Rf1 {[%emt 0:00:02]} 44. Bd3 {[%emt 0:00:11]} b1=Q {[%emt 0:00:01]} 45. Bxb1 {[%emt 0:00:10]} Rxb1 {[%emt 0:00:00]} 46. d5 {[%emt 0:00:16]} Re1+ {[%emt 0:00:03]} 47. Kf6 {[%emt 0:00:02]} cxd5 {[%emt 0:00:01]} 48. g4 {[%emt 0:00:04]} d4 {[%emt 0:00:01]} 49. e7 {[%emt 0:00:05]} Bxe7+ {[%emt 0:00:02]} 0-1

[Event "Stay Safe Play From Home 177"]
[Site "T#646359Emanuel Laske"]
[Date "2020.05.26"]
[Round "1"]
[White "matanant"]
[Black "Tunca"]
[Result "1/2-1/2"]
[WhiteElo "1690"]
[BlackElo "1832"]
[Annotator "NA RC"]
[PlyCount "151"]
[EventDate "2020.05.26"]
[EventType "swiss (blitz)"]

1. e4 {[%emt 0:00:10]} Nf6 {[%emt 0:00:55]} 2. e5 {[%emt 0:00:04]} Nd5 {[%emt 0:00:01]} 3. c4 {[%emt 0:00:02]} Nb6 {[%emt 0:00:01]} 4. d4 {[%emt 0:00:01]} d6 {[%emt 0:00:01]} 5. exd6 {[%emt 0:00:04]} cxd6 {[%emt 0:00:00]} 6. Nf3 {[%emt 0:00:01]} g6 {[%emt 0:00:01]} 7. Nc3 {[%emt 0:00:02]} Bg7 {[%emt 0:00:00]} 8. h3 {[%emt 0:00:03]} Nc6 {[%emt 0:00:01]} 9. Be3 {[%emt 0:00:03]} Bf5 {[%emt 0:00:01]} 10. Bd3 {[%emt 0:00:03]} Qd7 {[%emt 0:00:05]} 11. O-O {[%emt 0:00:03]} O-O {[%emt 0:00:02]} 12. a3 {[%emt 0:00:05]} Na5 {[%emt 0:00:07]} 13. Qe2 {[%emt 0:00:04]} Bxd3 {[%emt 0:00:03]} 14. Qxd3 {[%emt 0:00:02]} Naxc4 {[%emt 0:00:00]} 15. Rfb1 {[%emt 0:00:07]} Rac8 {[%emt 0:00:09]} 16. b3 {[%emt 0:00:06]} Nxe3 {[%emt 0:00:03]} 17. fxe3 {[%emt 0:00:02]} a6 {[%emt 0:00:20]} 18. Ra2 {[%emt 0:00:03]} Rc7 {[%emt 0:00:01]} 19. Rf2 {[%emt 0:00:09]} Rfc8 {[%emt 0:00:03]} 20. Ne4 {[%emt 0:00:06]} Nd5 {[%emt 0:00:17]} 21. Rbf1 {[%emt 0:00:05]} Rc1 {[%emt 0:00:12]} 22. Nfg5 {[%emt 0:00:03]} Rxf1+ {[%emt 0:00:02]} 23. Rxf1 {[%emt 0:00:05]} Nf6 {[%emt 0:00:08]} 24. Nd2 {[%emt 0:00:11]} h6 {[%emt 0:00:08]} 25. Nge4 {[%emt 0:00:02]} Nxe4 {[%emt 0:00:07]} 26. Nxe4 {[%emt 0:00:04]} Qc6 {[%emt 0:00:05]} 27. b4 {[%emt 0:00:08]} Qc2 {[%emt 0:00:04]} 28. Nc5 {[%emt 0:00:10]} Qxd3 {[%emt 0:00:04]} 29. Nxd3 {[%emt 0:00:02]} Rc3 {[%emt 0:00:01]} 30. Nf4 {[%emt 0:00:02]} Rxe3 {[%emt 0:00:04]} 31. Nd5 {[%emt 0:00:02]} Re2 {[%emt 0:00:11]} 32. Rf3 {[%emt 0:00:03]} Bxd4+ {[%emt 0:00:02]} 33. Kf1 {[%emt 0:00:03]} Re5 {[%emt 0:00:07]} 34. Nf4 {[%emt 0:00:11]} Bb6 {[%emt 0:00:06]} 35. Nd3 {[%emt 0:00:04]} Re3 {[%emt 0:00:01]} 36. Rxe3 {[%emt 0:00:04]} Bxe3 {[%emt 0:00:00]} 37. Ke2 {[%emt 0:00:01]} Bb6 {[%emt 0:00:04]} 38. a4 {[%emt 0:00:02]} e6 {[%emt 0:00:01]} 39. b5 {[%emt 0:00:01]} Bd4 {[%emt 0:00:01]} 40. Nb4 {[%emt 0:00:05]} Bc5 {[%emt 0:00:06]} 41. bxa6 {[%emt 0:00:02]} bxa6 {[%emt 0:00:04]} 42. Nxa6 {[%emt 0:00:01]} Bb6 {[%emt 0:00:05]} 43. Nb8 {[%emt 0:00:08]} Bc7 {[%emt 0:00:08]} 44. Nc6 {[%emt 0:00:01]} Kg7 {[%emt 0:00:03]} 45. a5 {[%emt 0:00:00]} Kf6 {[%emt 0:00:18]} 46. a6 {[%emt 0:00:01]} Bb6 {[%emt 0:00:01]} 47. a7 {[%emt 0:00:01]} Bxa7 {[%emt 0:00:00]} 48. Nxa7 {[%emt 0:00:00]} Ke5 {[%emt 0:00:01]} 49. Nc6+ {[%emt 0:00:02]} Kd5 {[%emt 0:00:02]} 50. Nb4+ {[%emt 0:00:01]} Kc4 {[%emt 0:00:01]} 51. Nd3 {[%emt 0:00:02]} e5 {[%emt 0:00:02]} 52. Nf2 {[%emt 0:00:01]} f5 {[%emt 0:00:01]} 53. g3 {[%emt 0:00:04]} d5 {[%emt 0:00:01]} 54. h4 {[%emt 0:00:01]} d4 {[%emt 0:00:02]} 55. Nd3 {[%emt 0:00:02]} e4 {[%emt 0:00:01]} 56. Nf4 {[%emt 0:00:01]} g5 {[%emt 0:00:04]} 57. hxg5 {[%emt 0:00:04]} hxg5 {[%emt 0:00:00]} 58. Ne6 {[%emt 0:00:01]} Kc3 {[%emt 0:00:08]} 59. Nxg5 {[%emt 0:00:02]} d3+ {[%emt 0:00:00]} 60. Kd1 {[%emt 0:00:02]} e3 {[%emt 0:00:01]} 61. Nf3 {[%emt 0:00:02]} Kc4 {[%emt 0:00:07]} 62. Nh4 {[%emt 0:00:03]} Kc3 {[%emt 0:00:04]} 63. Nxf5 {[%emt 0:00:05]} e2+ {[%emt 0:00:01]} 64. Ke1 {[%emt 0:00:01]} Kc2 {[%emt 0:00:01]} 65. Ne3+ {[%emt 0:00:03]} Kc1 {[%emt 0:00:01]} 66. Nc4 {[%emt 0:00:03]} Kc2 {[%emt 0:00:01]} 67. Nd2 {[%emt 0:00:00]} Kc3 {[%emt 0:00:02]} 68. g4 {[%emt 0:00:00]} Kd4 {[%emt 0:00:00]} 69. g5 {[%emt 0:00:06]} Ke5 {[%emt 0:00:00]} 70. Nf3+ {[%emt 0:00:03]} Kf5 {[%emt 0:00:04]} 71. Kd2 {[%emt 0:00:01]} Kg6 {[%emt 0:00:02]} 72. Ke1 {[%emt 0:00:06]} Kf5 {[%emt 0:00:02]} 73. Kf2 {[%emt 0:00:00]} Kg6 {[%emt 0:00:01]} 74. Ne5+ {[%emt 0:00:03]} Kf5 {[%emt 0:00:01]} 75. Nxd3 {[%emt 0:00:01]} Kxg5 {[%emt 0:00:01]} 76. Kxe2 {[%emt 0:00:01] (Lag: Av=0.66s, max=1.2s)} 1/2-1/2

[Event "Stay Safe Play From Home 177"]
[Site "T#646359Emanuel Laske"]
[Date "2020.05.26"]
[Round "2"]
[White "Tunca"]
[Black "Justwatch"]
[Result "1-0"]
[WhiteElo "1825"]
[BlackElo "1244"]
[Annotator "NA RC"]
[PlyCount "55"]
[EventDate "2020.05.26"]
[EventType "swiss (blitz)"]

{Aborted} 1. e4 {[%emt 0:00:02]} Nf6 {[%emt 0:00:00]} 2. Nc3 {[%emt 0:00:02]} g6 {[%emt 0:00:00]} 3. e5 {[%emt 0:00:07]} Ng8 {[%emt 0:00:16]} 4. Bc4 {[%emt 0:00:04]} d6 {[%emt 0:00:28]} 5. Nf3 {[%emt 0:00:04]} Bg4 {[%emt 0:00:02]} 6. Bxf7+ {[%emt 0:00:06]} Kxf7 {[%emt 0:00:01]} 7. Ng5+ {[%emt 0:00:01]} Ke8 {[%emt 0:00:01]} 8. Qxg4 {[%emt 0:00:01]} dxe5 {[%emt 0:00:01]} 9. Qe6 {[%emt 0:00:18]} Nc6 {[%emt 0:00:07]} 10. Qf7+ {[%emt 0:00:26]} Kd7 {[%emt 0:00:04]} 11. Qe6+ {[%emt 0:00:33]} Ke8 {[%emt 0:00:03]} 12. O-O {[%emt 0:00:04]} Nf6 {[%emt 0:00:02]} 13. f4 {[%emt 0:00:31]} Bh6 {[%emt 0:00:04]} 14. Nf7 {[%emt 0:00:04]} Qd4+ {[%emt 0:00:02]} 15. Kh1 {[%emt 0:00:05]} Bxf4 {[%emt 0:00:01]} 16. Nxh8 {[%emt 0:00:19]} Bxh2 {[%emt 0:00:02]} 17. Nb5 {[%emt 0:00:22]} Qh4 {[%emt 0:00:03]} 18. Nxc7+ {[%emt 0:00:02]} Kd8 {[%emt 0:00:02]} 19. Qh3 {[%emt 0:00:09]} Qxh3 {[%emt 0:00:19]} 20. gxh3 {[%emt 0:00:00]} Kxc7 {[%emt 0:00:05]} 21. Kxh2 {[%emt 0:00:04]} Rxh8 {[%emt 0:00:02]} 22. d3 {[%emt 0:00:05]} Nh5 {[%emt 0:00:02]} 23. Be3 {[%emt 0:00:02]} Nb4 {[%emt 0:00:01]} 24. Rf7 {[%emt 0:00:02]} Nxc2 {[%emt 0:00:02]} 25. Rc1 {[%emt 0:00:02]} Kd7 {[%emt 0:00:03]} 26. Rxc2 {[%emt 0:00:01]} Ke6 {[%emt 0:00:00]} 27. Rf1 {[%emt 0:00:03]} Rf8 {[%emt 0:00:01]} 28. Rxf8 {[%emt 0:00:01] Justwatch terk eder} 1-0

[Event "Stay Safe Play From Home 177"]
[Site "T#646359Emanuel Laske"]
[Date "2020.05.26"]
[Round "2"]
[White "Opalus"]
[Black "Lazieri3"]
[Result "1-0"]
[WhiteElo "1795"]
[BlackElo "2009"]
[Annotator "TA"]
[PlyCount "63"]
[EventDate "2020.05.26"]
[EventType "swiss (blitz)"]

{[%evp 10,63,42,42,42,41,36,18,45,41,37,37,57,56,74,65,81,91,124,94,107,113,143,137,152,147,147,140,150,150,150,150,161,145,155,148,351,337,387,387,387,373,387,366,368,360,400,396,387,372,582,575,29996,29997,29997,29998]} 1. Nf3 c6 2. d4 d5 3. Bf4 Nf6 4. e3 Bf5 5. c4 e6 6. Qb3 b6 {D02: 1 d4 d5 2 Nf3 sidelines, including 2...Nf6 3 g3 and 2...Nf6 3 Bf4.} 7. Be2 Bd6 8. Ne5 O-O {[#] The position is equal.} 9. O-O $146 ({Predecessor:} 9. Nc3 Qe7 10. Bg3 Bxe5 11. Bxe5 Nbd7 12. Bg3 dxc4 13. Qxc4 Rfc8 14. Qb3 a5 15. O-O {½-½ (58) Mozelius,P (2292)-Sanner,Z (2294) ICCF email 2018}) 9... h6 10. Nc3 Ne4 11. Nxe4 (11. cxd5 Nd2 $11) 11... Bxe4 12. Rac1 f6 13. Nd3 Bxd3 14. Qxd3 Bxf4 15. exf4 Nd7 16. cxd5 cxd5 17. Rc6 Re8 18. Qe3 Nf8 19. Rfc1 Re7 20. Bb5 a6 21. Bd3 b5 22. g3 Raa7 $2 {[#]} (22... b4 $16 23. f5 (23. Bxa6 Qa5 $16) 23... exf5) 23. Rc8 $18 Qd6 24. R1c6 Qd7 25. Bg6 Ra8 26. Qc3 ({And not} 26. Rxa8 Qxc6 27. Rd8 Qc7 $11) 26... Rxc8 27. Rxc8 e5 28. dxe5 fxe5 29. f5 d4 (29... a5 {is a better defense.} 30. Rb8 Qc7 31. Qxc7 Rxc7 32. Rxb5 {[%mdl 64] Double Attack} d4 33. Rxe5 d3) 30. Qb3+ Re6 31. Qxe6+ Qxe6 32. fxe6 {White took control after the opening. Accuracy: White = 94%, Black = 56%.} 1-0

[Event "Stay Safe Play From Home 177"]
[Site "T#646359Emanuel Laske"]
[Date "2020.05.26"]
[Round "2"]
[White "Kongle"]
[Black "Haris kollari 13"]
[Result "1-0"]
[WhiteElo "1778"]
[BlackElo "1816"]
[Annotator "NA"]
[PlyCount "53"]
[EventDate "2020.05.26"]
[EventType "swiss (blitz)"]

1. d4 {[%emt 0:00:02]} b6 {[%emt 0:00:02]} 2. c4 {[%emt 0:00:01]} Bb7 {[%emt 0:00:01]} 3. Nc3 {[%emt 0:00:01]} g6 {[%emt 0:00:01]} 4. e4 {[%emt 0:00:01]} Bg7 {[%emt 0:00:01]} 5. Be3 {[%emt 0:00:01]} d6 {[%emt 0:00:02]} 6. f3 {[%emt 0:00:01]} Nc6 {[%emt 0:00:05]} 7. Qd2 {[%emt 0:00:05]} h5 {[%emt 0:00:03]} 8. h4 {[%emt 0:00:03]} Qd7 {[%emt 0:00:01]} 9. O-O-O {[%emt 0:00:02]} e5 {[%emt 0:00:09]} 10. d5 {[%emt 0:00:06]} Nce7 {[%emt 0:00:03]} 11. Nge2 {[%emt 0:00:07]} f5 {[%emt 0:00:05]} 12. exf5 {[%emt 0:00:05]} gxf5 {[%emt 0:00:02]} 13. Bg5 {[%emt 0:00:02]} O-O-O {[%emt 0:00:05]} 14. f4 {[%emt 0:00:04]} e4 {[%emt 0:00:03]} 15. Nd4 {[%emt 0:00:03]} Re8 {[%emt 0:00:11]} 16. Ne6 {[%emt 0:00:05]} Bf6 {[%emt 0:00:04]} 17. Nb5 {[%emt 0:00:14]} c6 {[%emt 0:00:10]} 18. dxc6 {[%emt 0:00:37]} Nxc6 {[%emt 0:00:11]} 19. Nxd6+ {[%emt 0:00:13]} Kb8 {[%emt 0:00:01]} 20. Nxe8 {[%emt 0:00:05]} Qxe8 {[%emt 0:00:17]} 21. Qd6+ {[%emt 0:00:09]} Ka8 {[%emt 0:00:01]} 22. Nc7+ {[%emt 0:00:02]} Kb8 {[%emt 0:00:02]} 23. Nxe8+ {[%emt 0:00:01]} Ka8 {[%emt 0:00:00]} 24. Nc7+ {[%emt 0:00:04]} Kb8 {[%emt 0:00:02]} 25. Na6+ {[%emt 0:00:01]} Ka8 {[%emt 0:00:02]} 26. Qb8+ {[%emt 0:00:04]} Nxb8 {[%emt 0:00:03]} 27. Nc7# {[%emt 0:00:01] (Lag: Av=0.60s, max=1.2s)} 1-0